000 004450000a22001810004500
003 MACL
005 20150705132814.0
008 150705b xxu||||| |||| 00| 0 eng d
040 _aMACL
_cMACL
041 _aEnglish
082 _a306/HUS
100 _aHussain, S Abid
_9810
245 _aThe National Culture Of India
260 _bNational Books Trust
_c1985
_aNew Delhi
350 _a17.75
650 _aSociology
_919
942 _cBK
_k306
_2ddc
999 _c6075
_d6075